000 00839nam a2200265 a 4500
001 57828
003 BD-RjUL
005 20211209080545.0
008 161212s1982 caua b 001 0 eng
020 _a0818505117
035 _a(BD-RjUL)57952
040 _aDLC
_cDLC
_dDLC
_beng
041 _aeng
082 0 0 _a320.3
_223
_bKOO 1982
100 1 _aKousoulas, D. George
_q(Dimitrios George),
_d1923-2012.
_9171740
245 1 0 _aOn government and politics :
_ban introduction to political science /
_cD.G. Kousoulas.
250 _a5th ed.
260 _aMonterey, Calif. :
_bBrooks/Cole Pub. Co.,
_cc1982.
300 _axiv, 329 p. :
_bill. ;
_c24 cm.
504 _aIncludes bibliographies and indexes.
650 0 _aPolitical science.
_9171741
650 0 _aComparative government.
_9171742
942 _2ddc
_cBK
999 _c57828
_d57828